000 00709nam a2200229Ia 4500
005 20220204142959.0
008 210716s2013 xx 000 0 und d
020 _a9780198077039
040 _cAIMIT LIBRARY
041 _aeng
082 _a657.48
_22
_bSHAP
100 _aShah,Paresh.
_916760
245 _aFinancial accounting for management /
_cBy Paresh Shah.
250 _a2nd ed.
260 _aNew Delhi :
_bOxford University Press ,
_c2013.
300 _axvii,561p. ;
_c28 cm.
650 _aFinancial Accounting.
_916761
650 _aAccounting Fundamentals.
_916778
650 _aAnalytical Accounting.
_916779
650 _aContemporary Accounts.
_916780
942 _2ddc
_cBK
_e2nd
_k657.48 SHAP
999 _c208061
_d208061